Don Quixote, (Record no. 20523)
[ view plain ]
| 000 -LEADER | |
|---|---|
| fixed length control field | 00829cam a22002291 4500 |
| 001 - CONTROL NUMBER | |
| control field | e 22000354 |
| 003 - CONTROL NUMBER IDENTIFIER | |
| control field | DLC |
| 005 - DATE AND TIME OF LATEST TRANSACTION | |
| control field | 20260227111213.0 |
| 008 - FIXED-LENGTH DATA ELEMENTS--GENERAL INFORMATION | |
| fixed length control field | 761118s1921 enk 000 0 eng c |
| 010 ## - LIBRARY OF CONGRESS CONTROL NUMBER | |
| LC control number | e 22000354 |
| 035 ## - SYSTEM CONTROL NUMBER | |
| System control number | (OCoLC)2567177 |
| 040 ## - CATALOGING SOURCE | |
| Original cataloging agency | U.S. Off. of Educ. Library |
| Transcribing agency | MiDW |
| Modifying agency | OCoLC |
| -- | NcGU |
| -- | DLC |
| 042 ## - AUTHENTICATION CODE | |
| Authentication code | premarc |
| 050 00 - LIBRARY OF CONGRESS CALL NUMBER | |
| Classification number | PQ6352 |
| Item number | .G7 |
| 100 1# - MAIN ENTRY--PERSONAL NAME | |
| Personal name | Grierson, Herbert John Clifford, |
| Titles and words associated with a name | Sir, |
| Dates associated with a name | 1866-1960. |
| 245 10 - TITLE STATEMENT | |
| Title | Don Quixote, |
| Remainder of title | some war-time reflections on its character and influence, |
| Statement of responsibility, etc. | by Herbert J. C. Grierson, L.L. D. |
| 260 ## - PUBLICATION, DISTRIBUTION, ETC. | |
| Place of publication, distribution, etc. | [Oxford, |
| Name of publisher, distributor, etc. | The Oxford University Press] |
| Date of publication, distribution, etc. | 1921. |
| 300 ## - PHYSICAL DESCRIPTION | |
| Extent | 22 p. |
| Dimensions | 25 cm. |
| 490 1# - SERIES STATEMENT | |
| Series statement | The English Association. Pamphlet |
| Volume/sequential designation | no. 48 |
| 600 20 - SUBJECT ADDED ENTRY--PERSONAL NAME | |
| Personal name | Cervantes Saavedra, Miguel de, |
| Dates associated with a name | 1547-1616. |
| Title of a work | Don Quixote. |
| 830 #0 - SERIES ADDED ENTRY--UNIFORM TITLE | |
| Uniform title | Pamphlet (English Association) ; |
| Volume/sequential designation | no. 48. |
No items available.